| 000 | 00858cam a2200265 4500 | ||
|---|---|---|---|
| 008 | 090401t1996 xxu||||| |||| 00| 0 eng d | ||
| 020 | _a0419201203 | ||
| 035 | _a(Sirsi) u48999 | ||
| 041 | _aeng | ||
| 050 | _a725.56 | ||
| 100 | _aTorrington, Judith | ||
| 245 | _aCare homes for older people. | ||
| 260 |
_aLondon _bE & F N Spon _c1996 |
||
| 300 | _avii,127p. : ill. ; 30cm. | ||
| 350 | _a29.95 | ||
| 490 | _aBriefing and Design Guide | ||
| 520 | _aProvides detailed information on all aspects of the design process for those involved in the design and construction of care homes for elderly people. | ||
| 650 | _aBUILT ENVIRONMENT-CONSTRUCTION DESIGN | ||
| 650 | _aCARE HOMES | ||
| 650 | _aELDERLY PEOPLE | ||
| 690 | _aBUILT ENVIRONMENT-CONSTRUCTION DESIGN | ||
| 700 |
_aVandenberg, Maritz _xEditor |
||
| 942 | _n0 | ||
| 948 | _c04/03/1997 | ||
| 999 |
_c92459 _d92459 |
||